00583nam a2200169Ia 4500001001000000003000500010008004100015010001100056040000900067100003400076245008100110260003400191300001100225502010200236650002600338710004900364Para_5703CHAP220125s1969 xx 000 0 und d a204133 cCHAP aByerly Murphy, Keir Francisco aInvernación, evaluación del daño y combate químico de la conchuela d aChapingo, Méx. :b el autor a102 h. aTesis (Ing. Agr. Esp. en Parasitología Agrícola) ENA. Departamento Parasitología Agrícola aEpilachna varisvestis aENA. Departamento Parasitología Agrícola